01262nam a2200301 a 4500001001200000003000800012006001900020007001500039008004100054020001800095020002700113040002100140035002100161050002300182100001700205245019300222260004400415300002500459504005100484533015200535650003300687650002300720655002900743700002100772700002400793710001700817856012600834ebr10459664CaPaEBRm u cr cn|||||||||110426s2008 enka sb 001 0 eng d z9781905539154 z9781907830150 (e-book) aCaPaEBRcCaPaEBR a(OCoLC)76691217814aRC108b.F87 2008eb1 aFurze, Gill.14aThe clinician's guide to chronic disease management for long-term conditionsh[electronic resource] :ba cognitive-behavioural approach /cGill Furze, Jenny Donnison and Robert J.P. Lewin. aKeswick [England] :bM&K Update,c2008. aviii, 158 p. :bill. aIncludes bibliographical references and index. aElectronic reproduction.bPalo Alto, Calif. :cebrary,d2011.nAvailable via World Wide Web.nAccess may be limited to ebrary affiliated libraries. 0aChronic diseasesxTreatment. 0aCognitive therapy. 7aElectronic books.2local1 aDonnison, Jenny.1 aLewin, Robert J. P.2 aebrary, Inc.40uhttp://site.ebrary.com/lib/rucke/Doc?id=10459664zAn electronic book accessible through the World Wide Web; click to view